Corporate governance of public enterprises in transitional economies

Na minha lista:
Detalhes bibliográficos
Autor principal: Pannier, Dominique
Formato: Livro
Idioma:Undetermined
Publicado em: Washington, D. C. The World Bank 1996
Assuntos:
Tags: Adicionar Tag
Sem tags, seja o primeiro a adicionar uma tag!
Thư viện lưu trữ: Trung tâm Học liệu Trường Đại học Cần Thơ
LEADER 00585nam a2200193Ia 4500
001 CTU_61748
008 210402s9999 xx 000 0 und d
082 |a 350.0092 
082 |b P194 
100 |a Pannier, Dominique 
245 0 |a Corporate governance of public enterprises in transitional economies 
245 0 |c Dominique Pannier 
260 |a Washington, D. C. 
260 |b The World Bank 
260 |c 1996 
650 |a Government business enterprises 
650 |x Management,Case studies 
904 |i Minh,Hải 
980 |a Trung tâm Học liệu Trường Đại học Cần Thơ